[Event "BL 8586 Bamberg-Lasker"]
[Site "?"]
[Date "1986.??.??"]
[Round "?.2"]
[White "Seppeur, R."]
[Black "Muse, M."]
[Result "0-1"]
[WhiteElo "2295"]
[BlackElo "2430"]
[PlyCount "72"]
[EventDate "1986.??.??"]

1. e4 c5 2. Nc3 e6 3. Nge2 Nf6 4. g3 d5 5. exd5 exd5 6. d4 Bg4 7. Bg2 cxd4 8.
Qxd4 Nc6 9. Qa4 Bd7 10. O-O Bc5 11. Nxd5 Nxd5 12. Bxd5 O-O 13. Qc4 Qb6 14. Nc3
Nb4 15. Bg2 Rac8 16. Qh4 Bc6 17. Ne4 Nxc2 18. Bg5 f5 19. Nxc5 Nxa1 20. Be7 Bxg2
21. Kxg2 Rf7 22. Rxa1 Qc7 23. Re1 Re8 24. Qc4 Rexe7 25. Rxe7 Qxe7 26. Ne6 h6
27. f3 Kh7 28. h4 Qf6 29. b4 Re7 30. Nd4 b5 31. Qd3 Rd7 32. Qxf5+ Qxf5 33. Nxf5
Rd2+ 34. Kh3 Rxa2 35. Nd6 a5 36. bxa5 b4 0-1

[Event "BL 8586 Bamberg-Lasker"]
[Site "?"]
[Date "1986.??.??"]
[Round "?.3"]
[White "Schussler, H."]
[Black "Ruehrig, V."]
[Result "1-0"]
[WhiteElo "2465"]
[BlackElo "2375"]
[PlyCount "115"]
[EventDate "1986.??.??"]

1. d4 d6 2. Nf3 Bg4 3. e4 Nf6 4. h3 Bh5 5. Nc3 c5 6. dxc5 Qa5 7. cxd6 Nc6 8.
Bd2 O-O-O 9. g4 Bg6 10. Bd3 e5 11. O-O Bxd6 12. Nd5 Qa4 13. Nc3 Qa5 14. g5 Nh5
15. Nd5 Qa4 16. c3 Qxd1 17. Raxd1 Rhf8 18. Nh4 Ne7 19. Be3 f6 20. gxf6 gxf6 21.
Nxe7+ Bxe7 22. Bxa7 Nf4 23. Bc2 Bh5 24. Rxd8+ Bxd8 25. Be3 Nxh3+ 26. Kh2 Ng5
27. f3 Rf7 28. Ba4 Rf8 29. Kg2 Bf7 30. Bb3 Bg6 31. Rd1 Be7 32. Bxg5 fxg5 33.
Be6+ Kb8 34. Nxg6 hxg6 35. Rd7 Bc5 36. a4 Re8 37. Bf7 Rc8 38. Bd5 Rc7 39. Rxc7
Kxc7 40. Kf1 b6 41. Ke2 Kd6 42. Kd3 Bf2 43. Kc4 Be3 44. Kb5 Kc7 45. b4 Kb8 46.
Bf7 Ka7 47. Bxg6 Kb7 48. Bf7 Bd2 49. c4 Be3 50. Bd5+ Ka7 51. a5 bxa5 52. Kxa5
Bd2 53. Kb5 Bc3 54. c5 Be1 55. Kc4 Ka6 56. b5+ Ka7 57. b6+ Ka6 58. Be6 1-0

[Event "BL 8586 Bamberg-Lasker"]
[Site "?"]
[Date "1986.??.??"]
[Round "?.5"]
[White "Brunner, L."]
[Black "Treppner, G."]
[Result "1-0"]
[WhiteElo "2290"]
[BlackElo "2280"]
[PlyCount "63"]
[EventDate "1986.??.??"]

1. g3 e5 2. c4 Nf6 3. Bg2 c6 4. d4 exd4 5. Qxd4 d5 6. Nf3 dxc4 7. Qxc4 Be6 8.
Qa4 Qb6 9. O-O Bc5 10. Nc3 Na6 11. Ng5 Nc7 12. Qc2 Be7 13. Bf4 O-O-O 14. Rab1
Nfd5 15. Nxe6 fxe6 16. Nxd5 exd5 17. b4 Bd6 18. Be3 d4 19. Bg5 Rdf8 20. Bd2 Kb8
21. a4 a6 22. Qd3 Be5 23. e4 Rd8 24. f4 Bf6 25. e5 Be7 26. f5 Nd5 27. Bxd5 Rxd5
28. f6 gxf6 29. exf6 Bd6 30. f7 h5 31. Rbe1 Qd8 32. Qg6 1-0

[Event "BL 8586 Bamberg-Lasker"]
[Site "?"]
[Date "1986.??.??"]
[Round "?.6"]
[White "Kestler, H."]
[Black "Paulsen, D."]
[Result "1/2-1/2"]
[WhiteElo "2410"]
[BlackElo "2345"]
[PlyCount "101"]
[EventDate "1986.??.??"]

1. Nf3 Nf6 2. g3 c5 3. Bg2 Nc6 4. O-O e5 5. c4 d5 6. cxd5 Nxd5 7. Nc3 Be6 8. d3
Be7 9. Bd2 O-O 10. Rc1 h6 11. a3 Rc8 12. Nxd5 Bxd5 13. b4 cxb4 14. axb4 Nxb4
15. Rxc8 Qxc8 16. Nxe5 Qe6 17. Bxd5 Qxd5 18. Bxb4 Bxb4 19. Nc4 a5 20. e4 Qc5
21. Ne3 Bc3 22. Nd5 b5 23. Qb1 b4 24. Rc1 Rc8 25. d4 Qa7 26. Qd3 Qb7 27. Nxc3
Rxc3 28. Rxc3 bxc3 29. Qxc3 Qb1+ 30. Kg2 Qxe4+ 31. f3 Qd5 32. Qc8+ Kh7 33. Qc2+
g6 34. Qa4 Kg7 35. Kf2 g5 36. h4 gxh4 37. gxh4 Qd8 38. Kg3 Qd6+ 39. Kh3 Qf4 40.
Qd1 Kf6 41. d5 Ke7 42. Qb3 a4 43. Qb7+ Kf8 44. d6 Qf5+ 45. Kg2 Qg6+ 46. Kh3
Qe6+ 47. Kg2 Qe2+ 48. Kg3 Qe1+ 49. Kg2 Qe2+ 50. Kg3 Qe5+ 51. Kg2 1/2-1/2

[Event "BL 8586 HSK-Bamberg"]
[Site "?"]
[Date "1986.??.??"]
[Round "?.2"]
[White "Chandler, M."]
[Black "Seppeur, R."]
[Result "1-0"]
[WhiteElo "2525"]
[BlackElo "2295"]
[PlyCount "132"]
[EventDate "1986.??.??"]

1. e4 c5 2. c3 Nf6 3. e5 Nd5 4. d4 cxd4 5. Nf3 Nc6 6. Bc4 Nb6 7. Bb3 d5 8. exd6
Qxd6 9. O-O Bf5 10. Nxd4 Nxd4 11. cxd4 e6 12. Nc3 Be7 13. Qf3 O-O 14. Rd1 Qd7
15. Be3 Rfd8 16. d5 e5 17. d6 Bf8 18. Bxb6 axb6 19. Nd5 e4 20. Qe3 Ra6 21. Nxb6
Qe8 22. Qc5 Be6 23. Rac1 Bxb3 24. axb3 e3 25. Rd3 exf2+ 26. Kxf2 Qe4 27. Rcd1
Re8 28. Kg1 Ra1 29. Qd4 Qxd4+ 30. Rxd4 Rxd1+ 31. Rxd1 Rd8 32. Nc4 b5 33. Na3
Bxd6 34. Kf1 b4 35. Nc2 Kf8 36. Nxb4 Ke8 37. Nc6 Rd7 38. Re1+ Kf8 39. g3 Rc7
40. Nd4 Rb7 41. Ke2 Bc5 42. Kd3 Rd7 43. Re4 f5 44. Rf4 Ke7 45. Kc4 Bxd4 46.
Rxd4 Rc7+ 47. Kd3 Ke6 48. b4 Ke5 49. b5 Rb7 50. Rb4 g5 51. b6 h5 52. Rb5+ Ke6
53. Kd4 h4 54. gxh4 gxh4 55. Kc5 Kd7 56. Rb4 Kc8 57. Rxh4 Rf7 58. Rf4 Kb7 59.
h4 Rh7 60. b4 Rh6 61. Kd5 Kxb6 62. Ke5 Rh5 63. Kf6 Kc6 64. Kg6 Rh8 65. h5 Kd6
66. h6 Ke6 1-0

[Event "BL 8586 HSK-Bamberg"]
[Site "?"]
[Date "1986.??.??"]
[Round "?.3"]
[White "Ruehrig, V."]
[Black "Reefschlaeger, H."]
[Result "0-1"]
[WhiteElo "2375"]
[BlackElo "2395"]
[PlyCount "70"]
[EventDate "1986.??.??"]

1. e4 e6 2. d4 d5 3. Nd2 Nf6 4. e5 Nfd7 5. f4 c5 6. Ndf3 Nc6 7. Ne2 Qb6 8. g3
cxd4 9. Nexd4 Nxd4 10. Nxd4 Bc5 11. c3 a5 12. Rb1 O-O 13. Bh3 Kh8 14. Kf1 f6
15. Kg2 Nxe5 16. fxe5 fxe5 17. Rf1 exd4 18. cxd4 Bd6 19. Rxf8+ Bxf8 20. Bf4 Bd7
21. Be5 Be8 22. Qe2 Bg6 23. Rf1 Bd6 24. Bxd6 Be4+ 25. Kg1 Qxd6 26. Rf7 e5 27.
Qf2 exd4 28. Qxd4 Rg8 29. Rxb7 Qh6 30. Bf1 Qh5 31. Rb3 h6 32. Qd2 Rf8 33. Re3
Qf7 34. Qe2 Qa7 35. Bg2 d4 0-1

[Event "BL 8586 HSK-Bamberg"]
[Site "?"]
[Date "1986.??.??"]
[Round "?.5"]
[White "Treppner, G."]
[Black "Behrhorst, F."]
[Result "1/2-1/2"]
[WhiteElo "2280"]
[BlackElo "2320"]
[PlyCount "32"]
[EventDate "1986.??.??"]

1. d4 Nf6 2. Nc3 d5 3. Bg5 g6 4. f3 Bg7 5. e4 dxe4 6. fxe4 c5 7. d5 Qa5 8. Bd2
O-O 9. Nf3 a6 10. Be2 Qc7 11. a4 Nbd7 12. O-O b6 13. Qe1 Ne5 14. Bf4 Nfd7 15.
Qg3 Nxf3+ 16. gxf3 Be5 1/2-1/2

[Event "BL 8586 HSK-Bamberg"]
[Site "?"]
[Date "1986.??.??"]
[Round "?.6"]
[White "Wegner, H."]
[Black "Kestler, H."]
[Result "0-1"]
[WhiteElo "2210"]
[BlackElo "2410"]
[PlyCount "96"]
[EventDate "1986.??.??"]

1. d4 Nf6 2. c4 d6 3. Nc3 e5 4. Nf3 Nbd7 5. e4 Be7 6. Be2 O-O 7. O-O Re8 8. Re1
Bf8 9. Bf1 c6 10. d5 a5 11. Rb1 Nc5 12. b3 Bd7 13. a3 cxd5 14. cxd5 Qb8 15. Bg5
Be7 16. Bxf6 Bxf6 17. Bb5 Qd8 18. Nd2 Bxb5 19. Nxb5 a4 20. b4 Nd3 21. Re3 Qb6
22. Nc4 Qxb5 23. Nxd6 Nxf2 24. Nxb5 Nxd1 25. Rxd1 Rec8 26. Rc3 Rxc3 27. Nxc3
Kf8 28. Rd3 Bd8 29. Nb5 Bb6+ 30. Kf1 Ke7 31. Ke2 Kd7 32. Rf3 Ke7 33. Rf5 g6 34.
Rf3 h5 35. Rc3 Rf8 36. Rc4 f5 37. exf5 Rxf5 38. Re4 Kd7 39. Kd3 Rg5 40. Re2 Bg1
41. h3 Bb6 42. Kc4 Rg3 43. Nc3 Bd4 44. Nxa4 Rxa3 45. Nc5+ Kc8 46. Nb3 b5+ 47.
Kxb5 Rxb3 48. Ra2 Kd7 0-1

[Event "BL 8586 Lasker-Erlangen"]
[Site "?"]
[Date "1986.??.??"]
[Round "?.1"]
[White "Hartmann, Wo"]
[Black "Wockenfuss, K."]
[Result "1/2-1/2"]
[WhiteElo "2315"]
[BlackElo "2370"]
[PlyCount "28"]
[EventDate "1986.??.??"]

1. f4 g6 2. g3 Bg7 3. Bg2 d6 4. d3 e5 5. fxe5 dxe5 6. e4 Ne7 7. Nf3 O-O 8. Nc3
Nbc6 9. Be3 Nd4 10. Qd2 Bg4 11. Nh4 c6 12. O-O Qb6 13. Na4 Qc7 14. Kh1 Rad8
1/2-1/2

[Event "BL 8586 Lasker-Erlangen"]
[Site "?"]
[Date "1986.??.??"]
[Round "?.2"]
[White "Muse, M."]
[Black "Huenerkopf, H."]
[Result "1-0"]
[WhiteElo "2430"]
[BlackElo "2320"]
[PlyCount "101"]
[EventDate "1986.??.??"]

1. d4 Nf6 2. c4 g6 3. Nc3 d5 4. Nf3 Bg7 5. Qb3 dxc4 6. Qxc4 O-O 7. e4 a6 8. Qb3
b5 9. e5 Nfd7 10. Be3 Nb6 11. Rd1 Bb7 12. Be2 Qc8 13. a4 bxa4 14. Nxa4 Nxa4 15.
Qxa4 Nd7 16. O-O Nb6 17. Qc2 Nd5 18. Bd2 Rd8 19. h3 Qe6 20. Ra1 h6 21. Qe4 f5
22. Qh4 g5 23. Nxg5 hxg5 24. Bxg5 c5 25. Ra3 cxd4 26. Rg3 Kf8 27. Qh7 f4 28.
Bxf4 Nxf4 29. Qxg7+ Ke8 30. Bg4 Qf7 31. Qh6 Bd5 32. Rd1 Qf8 33. Qxf8+ Kxf8 34.
Rxd4 Ng6 35. Rxd5 Rxd5 36. Bf3 Nf4 37. Rg4 Ne2+ 38. Kh2 Rad8 39. Bxe2 Rxe5 40.
Bxa6 Rd2 41. Rf4+ Ke8 42. b3 Ra5 43. Bc4 Raa2 44. Kg3 Kd7 45. h4 e5 46. Rf5 e4
47. Rd5+ Rxd5 48. Bxd5 Rb2 49. Bxe4 Rxb3+ 50. f3 Ke6 51. Kf4 1-0

[Event "BL 8586 Lasker-Erlangen"]
[Site "?"]
[Date "1986.??.??"]
[Round "?.3"]
[White "Heidrich, M."]
[Black "Schussler, H."]
[Result "1-0"]
[WhiteElo "2260"]
[BlackElo "2465"]
[PlyCount "145"]
[EventDate "1986.??.??"]

1. e4 e6 2. d4 d5 3. Nc3 Bb4 4. e5 b6 5. Bd2 Qd7 6. Nf3 Ne7 7. Bd3 Ba6 8. Bxa6
Nxa6 9. Qe2 Nb8 10. Nd1 Bxd2+ 11. Qxd2 c5 12. c3 Qb5 13. Ne3 Nbc6 14. Qe2 a6
15. Rd1 cxd4 16. cxd4 Qa5+ 17. Rd2 Qxa2 18. O-O O-O 19. Ng5 Qa4 20. Rfd1 Rac8
21. Qd3 Ng6 22. Ng4 Rfd8 23. Qh3 h6 24. Nxh6+ gxh6 25. Qxh6 Nf8 26. b3 Qb5 27.
Rd3 Nxe5 28. Nh7 Nxh7 29. dxe5 Nf8 30. Rg3+ Ng6 31. Rd4 Rc7 32. Rh4 Rc1+ 33.
Qxc1 Qe2 34. Re3 Qb5 35. Rd4 Qc5 36. Qd2 Rc8 37. h3 a5 38. Kh2 Qc2 39. Qe1 Qb2
40. Rd2 Qa3 41. Qe2 Qb4 42. g3 Rc5 43. Ra2 Rc3 44. Rxc3 Qxc3 45. Qe3 Qxe3 46.
fxe3 Nxe5 47. Rc2 b5 48. Rc8+ Kg7 49. Ra8 a4 50. bxa4 bxa4 51. Rxa4 f5 52. Kg2
Kf6 53. Kf2 Nd3+ 54. Kf3 Nc5 55. Ra5 Ne4 56. g4 Nd2+ 57. Kf4 fxg4 58. hxg4 Ne4
59. Ra8 e5+ 60. Kf3 Kg5 61. Rg8+ Kh4 62. Rh8+ Kg5 63. Rh5+ Kf6 64. Rf5+ Ke6 65.
Rf8 Nd2+ 66. Kg3 Nc4 67. g5 Ke7 68. Rf2 Nd6 69. Kg4 Ne4 70. Ra2 Nd6 71. Ra7+
Kf8 72. g6 Nc4 73. Kg5 1-0

[Event "BL 8586 Lasker-Erlangen"]
[Site "?"]
[Date "1986.??.??"]
[Round "?.4"]
[White "Cladouras, P."]
[Black "Roeder, G."]
[Result "1-0"]
[WhiteElo "2320"]
[BlackElo "2315"]
[PlyCount "105"]
[EventDate "1986.??.??"]

1. Nf3 d5 2. d4 Bf5 3. c4 e6 4. Nc3 c6 5. Qb3 Qb6 6. c5 Qxb3 7. axb3 a6 8. Bf4
Nd7 9. e3 f6 10. b4 g5 11. Bg3 Rc8 12. Nd2 h5 13. h3 h4 14. Bh2 Nh6 15. Nb3 e5
16. Na5 Rc7 17. e4 Bxe4 18. Nxe4 dxe4 19. dxe5 Nxe5 20. Bxe5 fxe5 21. O-O-O Bg7
22. Bc4 Rf8 23. Rd2 Nf5 24. Re1 e3 25. fxe3 e4 26. Be2 Ng3 27. Bg4 Rf1 28. Bh5+
Ke7 29. Rxf1 Nxf1 30. Rf2 Nxe3 31. Rf7+ Kd8 32. Nxb7+ Kc8 33. Nd6+ Kb8 34. Rxc7
Kxc7 35. Ne8+ Kb7 36. Nxg7 Nxg2 37. Ne6 Ne3 38. Nxg5 Nd5 39. Nxe4 Nxb4 40. Kd2
Nd5 41. Nd6+ Kc7 42. Nf5 Nf6 43. Bf3 a5 44. Ke3 Nd7 45. Kd4 Nf8 46. Nxh4 Ne6+
47. Kc4 Nf4 48. Bg4 Kd8 49. Nf3 Nd5 50. Ne5 Kc7 51. h4 Nf6 52. h5 Ng8 53. Bf3
1-0

[Event "BL 8586 Lasker-Erlangen"]
[Site "?"]
[Date "1986.??.??"]
[Round "?.5"]
[White "Tischer, G."]
[Black "Brunner, L."]
[Result "1/2-1/2"]
[WhiteElo "2335"]
[BlackElo "2290"]
[PlyCount "105"]
[EventDate "1986.??.??"]

1. d4 e6 2. Nf3 Nf6 3. c4 b6 4. g3 Bb7 5. Bg2 Be7 6. O-O O-O 7. Nc3 Ne4 8. Bd2
Bf6 9. Rc1 d6 10. d5 Nxd2 11. Qxd2 Qe7 12. Ne1 Bxc3 13. Rxc3 e5 14. e4 c6 15.
f4 Nd7 16. Nd3 Rfe8 17. Rcc1 Rac8 18. b3 cxd5 19. exd5 exf4 20. Rce1 Qf8 21.
Qxf4 Nf6 22. a4 h6 23. Bf3 Rxe1 24. Rxe1 a5 25. g4 Qd8 26. g5 hxg5 27. Qxg5 Nh7
28. Qe7 Rb8 29. Bg4 Qxe7 30. Rxe7 Nf6 31. Bf3 Kf8 32. Rc7 Bc8 33. Kf2 Ne8 34.
Ra7 Bb7 35. b4 axb4 36. Nxb4 Bc8 37. Nc6 Rb7 38. Ra8 Bd7 39. Ke3 g5 40. Kd4 Kg7
41. Bd1 Nc7 42. Nd8 Nxa8 43. Nxb7 Nc7 44. Nxd6 Na6 45. a5 bxa5 46. c5 Nb4 47.
Kc4 Kf6 48. Nb7 Ke5 49. Bf3 g4 50. c6 gxf3 51. cxd7 f2 52. d8=Q f1=Q+ 53. Kc5
1/2-1/2

[Event "BL 8586 Lasker-Erlangen"]
[Site "?"]
[Date "1986.??.??"]
[Round "?.6"]
[White "Paulsen, D."]
[Black "Autenrieth, M."]
[Result "1-0"]
[WhiteElo "2345"]
[BlackElo "2315"]
[PlyCount "61"]
[EventDate "1986.??.??"]

1. d4 Nf6 2. c4 d6 3. Nc3 Nbd7 4. Nf3 e5 5. g3 g6 6. Bg2 Bg7 7. O-O O-O 8. Qc2
c6 9. Rd1 Qe7 10. b3 Re8 11. Ba3 e4 12. Ng5 e3 13. Nge4 exf2+ 14. Nxf2 a6 15.
e4 c5 16. e5 dxe5 17. dxc5 e4 18. Nfxe4 Nxe4 19. Nxe4 Nf6 20. Nd6 Ng4 21. Qe4
Qxe4 22. Bxe4 Rxe4 23. Nxe4 Bxa1 24. Rxa1 Bd7 25. Nd6 Bc6 26. Re1 f5 27. Re7
Rf8 28. Bb2 Rd8 29. h3 b6 30. hxg4 bxc5 31. Be5 1-0

[Event "BL 8586 Lasker-Erlangen"]
[Site "?"]
[Date "1986.??.??"]
[Round "?.7"]
[White "Roeder, F."]
[Black "Jacoby, G."]
[Result "0-1"]
[WhiteElo "2250"]
[BlackElo "2305"]
[PlyCount "118"]
[EventDate "1986.??.??"]

1. e4 e5 2. Bc4 Nf6 3. d3 c6 4. Qe2 Be7 5. f4 exf4 6. e5 Nd5 7. Bxd5 cxd5 8.
Bxf4 O-O 9. Nc3 d6 10. Nxd5 dxe5 11. Qxe5 Bb4+ 12. Kf1 Nc6 13. Qh5 Be6 14. Nxb4
Nxb4 15. Qc5 a5 16. Qd6 Nxc2 17. Qxd8 Rfxd8 18. Rd1 Bxa2 19. Ne2 Nb4 20. Nc1
Bd5 21. Kf2 Rac8 22. Rhe1 Rc2+ 23. Rd2 Rdc8 24. Rxc2 Rxc2+ 25. Re2 Rxe2+ 26.
Kxe2 Bxg2 27. Nb3 Nc6 28. Ke3 f6 29. Bc7 a4 30. Na5 Nxa5 31. Bxa5 Kf7 32. Kd4
Ke6 33. Kc5 g5 34. Bd8 h6 35. Kd4 f5 36. Ke3 f4+ 37. Kf2 Bd5 38. Bb6 Kf5 39.
Bc5 h5 40. Be7 h4 41. Bd8 h3 42. Bc7 g4 43. Kg1 b5 44. Bd6 Bc6 45. Bc5 g3 46.
Bd6 Kg4 47. Be5 Kf3 48. Bd6 Bd5 49. Be5 Bb3 50. Bd6 Bc2 51. d4 Be4 52. Be7 Bd5
53. Bd6 gxh2+ 54. Kxh2 Ke3 55. Kxh3 f3 56. Bg3 f2 57. Bxf2+ Kxf2 58. Kg4 Ke3
59. Kf5 Kxd4 0-1

[Event "BL 8586 HSK-Bochum"]
[Site "?"]
[Date "1986.??.??"]
[Round "?.2"]
[White "Chandler, M."]
[Black "Budde, V."]
[Result "1-0"]
[WhiteElo "2525"]
[BlackElo "2345"]
[PlyCount "99"]
[EventDate "1986.??.??"]

1. e4 c5 2. Nf3 d6 3. d4 cxd4 4. Nxd4 Nf6 5. Nc3 a6 6. Be3 e6 7. Qd2 b5 8. f3
Bb7 9. O-O-O Nbd7 10. g4 h6 11. Bd3 Nc5 12. Kb1 d5 13. e5 Nfd7 14. f4 b4 15.
Nce2 Qb6 16. Rhf1 O-O-O 17. Nc1 Kb8 18. Ncb3 Ka8 19. Rc1 Be7 20. c3 Rc8 21.
cxb4 Nxd3 22. Qxd3 Qxb4 23. Nc6 Rxc6 24. Rxc6 Bxc6 25. Qxa6+ Kb8 26. Qxc6 Qe4+
27. Ka1 Qxe3 28. Qxd7 Qa7 29. Qxa7+ Kxa7 30. f5 exf5 31. Rxf5 f6 32. exf6 Bxf6
33. Rxd5 Re8 34. Kb1 Re4 35. h3 Re3 36. Nc5 Rxh3 37. Ne4 Rh1+ 38. Kc2 Rh2+ 39.
Rd2 Rxd2+ 40. Nxd2 Be7 41. Nf3 Kb6 42. Kd3 Kc5 43. Ke4 Bf6 44. b3 Kb4 45. Ne5
Ka3 46. Kf5 Kxa2 47. b4 Be7 48. b5 Bd8 49. Nd7 Kb3 50. b6 1-0

[Event "BL 8586 HSK-Bochum"]
[Site "?"]
[Date "1986.??.??"]
[Round "?.3"]
[White "Beckemeyer, W."]
[Black "Reefschlaeger, H."]
[Result "1/2-1/2"]
[WhiteElo "2320"]
[BlackElo "2395"]
[PlyCount "38"]
[EventDate "1986.??.??"]

1. e4 e6 2. d4 d5 3. e5 c5 4. c3 Nc6 5. Nf3 Qb6 6. a3 c4 7. Be2 Bd7 8. Nbd2 Na5
9. O-O Ne7 10. Rb1 h6 11. Re1 O-O-O 12. Nf1 Qb3 13. h4 Ba4 14. Qxb3 Bxb3 15.
Ne3 Nf5 16. g4 Nxe3 17. Bxe3 Bc2 18. Rbc1 Bh7 19. Nd2 f5 1/2-1/2

[Event "BL 8586 HSK-Bochum"]
[Site "?"]
[Date "1986.??.??"]
[Round "?.4"]
[White "Wahls, M."]
[Black "Fleck, J."]
[Result "1-0"]
[WhiteElo "2285"]
[BlackElo "2390"]
[PlyCount "63"]
[EventDate "1986.??.??"]

1. e4 Nf6 2. e5 Nd5 3. d4 d6 4. Nf3 Bg4 5. Be2 c6 6. c4 Nb6 7. Ng5 Bf5 8. g4
Bxb1 9. Rxb1 dxe5 10. dxe5 Qxd1+ 11. Kxd1 e6 12. f4 N8d7 13. Kc2 h6 14. Ne4 Nc5
15. Nd6+ Bxd6 16. exd6 Ne4 17. b4 a5 18. bxa5 Nd7 19. Rxb7 Rxa5 20. Rc7 Nxd6
21. a3 c5 22. Bb2 f6 23. Rd1 Ke7 24. Rc6 Nf7 25. f5 exf5 26. gxf5 Rd8 27. Bf3
Nde5 28. Rc7+ Kf8 29. Bd5 Nd6 30. Bxe5 fxe5 31. f6 g5 32. Rh7 1-0

[Event "BL 8586 HSK-Bochum"]
[Site "?"]
[Date "1986.??.??"]
[Round "?.5"]
[White "Sonntag, H."]
[Black "Behrhorst, F."]
[Result "1/2-1/2"]
[WhiteElo "2305"]
[BlackElo "2320"]
[PlyCount "131"]
[EventDate "1986.??.??"]

1. d4 Nf6 2. c4 e5 3. dxe5 Ng4 4. Bf4 Nc6 5. Nf3 Bb4+ 6. Nbd2 Qe7 7. a3 Ngxe5
8. Nxe5 Nxe5 9. e3 Bxd2+ 10. Qxd2 d6 11. Be2 O-O 12. O-O b6 13. Rfe1 Bb7 14.
Bf1 f5 15. Qc3 Kh8 16. c5 g5 17. Bxe5+ Qxe5 18. Qxe5+ dxe5 19. Rac1 c6 20. Red1
Rad8 21. Be2 Kg7 22. g4 f4 23. exf4 Rxd1+ 24. Rxd1 Rxf4 25. b4 Rd4 26. Kg2 Kf6
27. Kf3 bxc5 28. bxc5 Ba6 29. Rb1 Rf4+ 30. Ke3 Bxe2 31. Kxe2 Rxg4 32. Rb7 Ra4
33. Rxh7 Ke6 34. Rh5 g4 35. Rg5 Kd5 36. Kd2 a5 37. Ke2 Re4+ 38. Kd3 Rf4 39. Ke2
Ra4 40. Kf1 Rxa3 41. Rxg4 Kxc5 42. h4 Rb3 43. Re4 Kd5 44. Ra4 Rb4 45. Rxa5+ c5
46. Ra8 Rxh4 47. Rd8+ Kc4 48. Re8 Kd4 49. Rd8+ Kc4 50. Re8 e4 51. Ke2 Kc3 52.
Ke3 c4 53. Rc8 Rh2 54. Rf8 Rh4 55. Rc8 Kb3 56. Kd2 e3+ 57. Kxe3 c3 58. f4 c2
59. Ke4 Rh1 60. f5 Rh4+ 61. Kd3 Rh3+ 62. Kd4 Rf3 63. Rxc2 Kxc2 64. Ke5 Kd3 65.
f6 Re3+ 66. Kd5 1/2-1/2

[Event "BL 8586 HSK-Bochum"]
[Site "?"]
[Date "1986.??.??"]
[Round "?.6"]
[White "Wegner, H."]
[Black "Backwinkel, P."]
[Result "1/2-1/2"]
[WhiteElo "2210"]
[BlackElo "2350"]
[PlyCount "68"]
[EventDate "1986.??.??"]

1. d4 d5 2. c4 e6 3. Nf3 c6 4. Nc3 f5 5. Bg5 Nf6 6. e3 Be7 7. Qc2 O-O 8. Bd3
Bd7 9. Ne5 Be8 10. O-O h6 11. Bh4 g5 12. Bg3 Nh5 13. f4 Nxg3 14. hxg3 Nd7 15.
Nxd7 Qxd7 16. c5 Bh5 17. Kf2 Bg4 18. Rh1 Kg7 19. Be2 Bxe2 20. Nxe2 Rh8 21. b4
g4 22. a4 a6 23. Qb3 h5 24. b5 Kg6 25. bxc6 bxc6 26. Rab1 Ra7 27. Nc1 Bf6 28.
Nd3 a5 29. Qc3 Rc8 30. Rb6 Qh7 31. Ne5+ Bxe5 32. fxe5 Qh8 33. Qb3 Rh7 34. Rh4
Qe8 1/2-1/2

[Event "BL 8586 HSK-Bochum"]
[Site "?"]
[Date "1986.??.??"]
[Round "?.7"]
[White "Ackermann, H."]
[Black "Schulte, O."]
[Result "0-1"]
[WhiteElo "2255"]
[BlackElo "2345"]
[PlyCount "86"]
[EventDate "1986.??.??"]

1. e4 e5 2. Nc3 Bb4 3. g3 Nf6 4. Bg2 O-O 5. Nge2 d6 6. h3 Re8 7. O-O Nbd7 8. d3
c6 9. Kh2 Nf8 10. a3 Ba5 11. b4 Bc7 12. b5 h6 13. Rb1 Ng6 14. Na2 Be6 15. c4
Bb6 16. bxc6 bxc6 17. Nb4 Rc8 18. Qa4 a5 19. Na2 d5 20. Nac3 dxc4 21. dxc4 Nd7
22. Nd1 Qc7 23. Qc2 Bc5 24. Qc3 Rb8 25. Bb2 a4 26. Qc2 Rb3 27. Nc1 Rb7 28. Nd3
Reb8 29. Qxa4 Bd4 30. Qc2 Qd6 31. Bxd4 Rxb1 32. Bb2 R1xb2 33. N1xb2 Qxa3 34. f4
exf4 35. gxf4 f5 36. e5 Ne7 37. Rf3 Nc5 38. Rg3 Ne4 39. Re3 Rb3 40. Bxe4 fxe4
41. Rxe4 Bf5 42. Rd4 Bxd3 43. Nxd3 Nf5 0-1

[Event "BL 8586 Lasker-Solingen"]
[Site "?"]
[Date "1986.??.??"]
[Round "?.2"]
[White "Muse, M."]
[Black "Lobron, E."]
[Result "0-1"]
[WhiteElo "2430"]
[BlackElo "2525"]
[PlyCount "78"]
[EventDate "1986.??.??"]

1. d4 Nf6 2. c4 d6 3. Nc3 Nbd7 4. Nf3 c6 5. e4 e5 6. Be2 Be7 7. O-O O-O 8. Rb1
a6 9. b4 Qc7 10. a4 Re8 11. d5 a5 12. dxc6 Qxc6 13. b5 Qc7 14. Ba3 Nb6 15. Nd2
Be6 16. Nd5 Bxd5 17. cxd5 Rec8 18. Rc1 Qd8 19. Qb3 g6 20. Rxc8 Rxc8 21. Rc1
Rxc1+ 22. Bxc1 Qc7 23. Bb2 Bd8 24. Bd1 Nfd7 25. Qc3 Nc5 26. Qxa5 Qb8 27. Qb4
Qa7 28. a5 Nd3 29. Qxd6 Nd7 30. b6 Qxa5 31. Qxd7 Qxd2 32. Qxd8+ Kg7 33. Bxe5+
Nxe5 34. h3 Qxd1+ 35. Kh2 Qd4 36. f4 Nc4 37. Qe7 Qf2 38. Qc7 Ne3 39. Qe5+ f6
0-1

[Event "BL 8586 Lasker-Solingen"]
[Site "?"]
[Date "1986.??.??"]
[Round "?.3"]
[White "Kavalek, L."]
[Black "Schussler, H."]
[Result "1/2-1/2"]
[WhiteElo "2555"]
[BlackElo "2465"]
[PlyCount "49"]
[EventDate "1986.??.??"]

1. d4 Nf6 2. Nf3 e6 3. Bg5 c5 4. e3 Be7 5. Nbd2 b6 6. c3 Bb7 7. Bd3 cxd4 8.
exd4 d6 9. O-O Nbd7 10. Re1 O-O 11. a4 a6 12. Nc4 Re8 13. Bh4 Qc7 14. Ne3 Bc6
15. Nd2 Bf8 16. Qe2 Qb7 17. Ndc4 Be4 18. Bxf6 Bxd3 19. Qxd3 Nxf6 20. a5 bxa5
21. Nxa5 Qb6 22. Nac4 Qb7 23. Na5 Qb6 24. Nac4 Qb7 25. Na5 1/2-1/2

[Event "BL 8586 Lasker-Solingen"]
[Site "?"]
[Date "1986.??.??"]
[Round "?.4"]
[White "Cladouras, P."]
[Black "Lau, R."]
[Result "0-1"]
[WhiteElo "2320"]
[BlackElo "2460"]
[PlyCount "130"]
[EventDate "1986.??.??"]

1. e4 c5 2. Nf3 d6 3. d4 cxd4 4. Nxd4 Nf6 5. Nc3 a6 6. Be2 e6 7. O-O Be7 8. Kh1
Qc7 9. f4 O-O 10. Bf3 Nc6 11. Nxc6 bxc6 12. b3 Bb7 13. Bb2 c5 14. Qe2 Nd7 15.
Rad1 Rfe8 16. Qf2 Bf8 17. Qg3 Rad8 18. Rf2 Bc6 19. Be2 Qb7 20. Bd3 d5 21. f5 d4
22. fxe6 fxe6 23. e5 dxc3 24. Qh4 h6 25. Bxc3 Bb5 26. Bg6 Nxe5 27. Rxd8 Nxg6
28. Rxe8 Bxe8 29. Qc4 Bf7 30. Rd2 e5 31. Qe2 e4 32. Rd8 Nf4 33. Qg4 Ne6 34. Rd1
h5 35. Qf5 g6 36. Qf2 Bg7 37. Bxg7 Kxg7 38. Qg3 Qc7 39. Rd6 Kh7 40. Qe5 Nd4 41.
Qf6 Nf5 42. Rd8 Ng7 43. Kg1 c4 44. b4 c3 45. a4 e3 46. Rd3 e2 47. Qf2 Qb6 48.
Re3 Qxb4 49. Rxe2 Bc4 50. Re1 Qxa4 51. Qd4 Qb4 52. h3 Nf5 53. Qd7+ Kh6 54. Qc8
Qb6+ 55. Kh1 Qd4 56. Qf8+ Kg5 57. Kh2 h4 58. Kh1 Bb5 59. Re6 Bc4 60. Re1 Kh5
61. Rb1 Bd5 62. Rb4 Bxg2+ 63. Kxg2 Qd2+ 64. Kg1 Qe1+ 65. Kg2 Ne3+ 0-1

[Event "BL 8586 Lasker-Solingen"]
[Site "?"]
[Date "1986.??.??"]
[Round "?.5"]
[White "Dueball, J."]
[Black "Brunner, L."]
[Result "1/2-1/2"]
[WhiteElo "2445"]
[BlackElo "2290"]
[PlyCount "84"]
[EventDate "1986.??.??"]

1. e4 e5 2. Nf3 Nc6 3. Bb5 a6 4. Ba4 Nf6 5. O-O Be7 6. Re1 b5 7. Bb3 d6 8. c3
O-O 9. h3 Bb7 10. d4 Re8 11. Ng5 Rf8 12. Nf3 Re8 13. Ng5 Rf8 14. a4 h6 15. Nf3
Re8 16. Nbd2 Bf8 17. d5 Nb8 18. axb5 axb5 19. Rxa8 Bxa8 20. Nf1 c6 21. dxc6
Bxc6 22. Ng3 Nbd7 23. Nh2 Nc5 24. Bc2 Qa8 25. f3 d5 26. Ng4 Nxg4 27. hxg4 dxe4
28. Nxe4 Rd8 29. Qe2 Nxe4 30. Bxe4 Bxe4 31. fxe4 b4 32. g5 hxg5 33. Bxg5 Rc8
34. cxb4 Bxb4 35. Rf1 Be7 36. Bd2 Qa2 37. Qg4 Rd8 38. Bc3 Bc5+ 39. Kh2 Bd4 40.
Rf3 Bxc3 41. bxc3 Qa6 42. Qf5 Qh6+ 1/2-1/2

[Event "BL 8586 Lasker-Solingen"]
[Site "?"]
[Date "1986.??.??"]
[Round "?.6"]
[White "Paulsen, D."]
[Black "Ostermeyer, P."]
[Result "0-1"]
[WhiteElo "2345"]
[BlackElo "2485"]
[PlyCount "142"]
[EventDate "1986.??.??"]

1. d4 Nf6 2. Nf3 c5 3. d5 g6 4. Nc3 d6 5. h3 Bg7 6. e4 O-O 7. Bf4 Na6 8. e5
dxe5 9. Bxe5 Nb4 10. Bc4 Bf5 11. O-O Bxc2 12. Qe2 Bf5 13. Rad1 Ne8 14. Bxg7
Kxg7 15. g4 Bd7 16. a3 Na6 17. Rfe1 Nd6 18. Bxa6 bxa6 19. Qxe7 Qxe7 20. Rxe7
Rfd8 21. Ne5 Kf6 22. Rxd7 Kxe5 23. Re7+ Kf4 24. Rc7 c4 25. Ne2+ Kg5 26. f4+ Kf6
27. Nd4 Nb5 28. g5+ Kg7 29. Ne6+ Kg8 30. Nxd8 Nxc7 31. Nc6 Kf8 32. d6 Ne6 33.
Ne5 Nxf4 34. d7 Ne6 35. h4 Nd8 36. Nxc4 Ke7 37. Ne5 Rb8 38. Re1 Kd6 39. b4 Rb5
40. Nd3 a5 41. Rd1 Rd5 42. Kf2 Kxd7 43. Ke3 Kd6 44. Rf1 axb4 45. axb4 a5 46.
Rf6+ Ke7 47. Ra6 axb4 48. Nxb4 Rb5 49. Nd3 Rb7 50. Nf2 Ne6 51. Ne4 Rb3+ 52. Kf2
Rh3 53. Ra7+ Kd8 54. Nd6 Rxh4 55. Nxf7+ Ke8 56. Kg3 Rd4 57. Rb7 Kf8 58. Ra7 Rd5
59. Kh4 Rb5 60. Rd7 Rb4+ 61. Kg3 Rb1 62. Kf2 Rb5 63. Ke3 Rf5 64. Nh6 Re5+ 65.
Kf3 Nxg5+ 66. Kf4 Ra5 67. Rb7 Ne6+ 68. Kg3 Ra3+ 69. Kg4 Ra4+ 70. Kg3 Ng5 71.
Rc7 Re4 0-1